[Event "4NCL/Div1/BIG1-SL"]
[Site "Rd2-Birmingham"]
[Date "1999.10.10"]
[Round "2.5"]
[White "Hunt, Harriet"]
[Black "Summerscale, Aaron"]
[Result "0-1"]
[WhiteElo "2420"]
[BlackElo "2423"]
[PlyCount "68"]
[EventDate "1999.10.10"]
[SourceDate "2000.01.01"]

1. e4 c6 2. d4 d5 3. exd5 cxd5 4. c4 Nf6 5. Nc3 Nc6 6. Nf3 g6 7. cxd5 Nxd5 8.
Qb3 Nxc3 9. bxc3 Bg7 10. Be2 O-O 11. O-O Qc7 12. Rd1 Be6 13. Qa3 Rfd8 14. Bg5
Rd7 15. Nd2 Rc8 16. Ne4 Rd5 17. Qc1 Qa5 18. Qe3 Bf5 19. Nc5 b6 20. Nb3 Qa3 21.
c4 Rd7 22. Rd2 e5 23. d5 Nb4 24. Rf1 Bc2 25. Nc1 Qxe3 26. Bxe3 Ba4 27. f3 Nc2
28. Bg5 f6 29. Nb3 fxg5 30. Rxc2 Rxd5 31. cxd5 Rxc2 32. Nc1 Bf8 33. Kf2 Bc5+
34. Kg3 Ba3 0-1

[Event "4NCL/Div1/BIG1-SL"]
[Site "Rd2-Birmingham"]
[Date "1999.10.10"]
[Round "2.7"]
[White "Baker, Chris W"]
[Black "Lalic, Susan"]
[Result "1/2-1/2"]
[WhiteElo "2359"]
[BlackElo "2318"]
[PlyCount "145"]
[EventDate "1999.10.10"]
[SourceDate "2000.01.01"]

1. d4 d5 2. c4 e6 3. Nf3 c5 4. dxc5 Bxc5 5. e3 Nf6 6. a3 O-O 7. Qc2 Qe7 8. Nc3
a6 9. b4 Ba7 10. Bb2 dxc4 11. Bxc4 b5 12. Bd3 Bb7 13. Ne4 Nbd7 14. Rd1 Rac8 15.
Qb1 Bxe4 16. Bxe4 Nxe4 17. Qxe4 Nb6 18. Ne5 Bb8 19. O-O Bxe5 20. Bxe5 Nc4 21.
Bd4 Rfd8 22. h4 Nxa3 23. h5 h6 24. Bc5 Qc7 25. Rd4 e5 26. Rxd8+ Rxd8 27. Ra1
Nc4 28. Rxa6 Qd7 29. Kh2 Nd2 30. Qxe5 Qg4 31. Bd4 Ne4 32. Ra2 Rc8 33. g3 Nf6
34. Kg2 Nxh5 35. Ra7 Nf6 36. Qe7 Qe4+ 37. Qxe4 Nxe4 38. Re7 Nd6 39. Bc5 Nc4 40.
Rd7 Ra8 41. Rb7 Na3 42. g4 Rd8 43. f4 g6 44. Kf3 f5 45. gxf5 gxf5 46. Rb6 Kh7
47. Rf6 Rd5 48. Bf8 Nb1 49. Rxh6+ Kg8 50. Bc5 Nd2+ 51. Ke2 Ne4 52. Bd4 Kf7 53.
Rb6 Ke7 54. Kf3 Kd7 55. Kg2 Kc7 56. Rh6 Kd7 57. Kh3 Nd2 58. Kh4 Nf3+ 59. Kh5
Nxd4 60. exd4 Rxd4 61. Kg5 Rxb4 62. Kxf5 Rc4 63. Kg5 Ke7 64. Rb6 Kf7 65. Rb7+
Kf8 66. f5 Rc6 67. Rxb5 Kf7 68. Rb7+ Kf8 69. Rh7 Rb6 70. Rh6 Rxh6 71. Kxh6 Kf7
72. Kg5 Kg7 73. f6+ 1/2-1/2

[Event "4NCL/Div1/BIG1-SL"]
[Site "Rd2-Birmingham"]
[Date "1999.10.10"]
[Round "2.8"]
[White "Smith, Andrew P"]
[Black "Ferguson, Mark"]
[Result "1-0"]
[WhiteElo "2275"]
[BlackElo "2371"]
[PlyCount "107"]
[EventDate "1999.10.10"]
[SourceDate "2000.01.01"]

1. e4 e5 2. d4 exd4 3. Qxd4 Nc6 4. Qe3 Nf6 5. Bd2 Be7 6. Nc3 d5 7. exd5 Nxd5 8.
Qg3 Nxc3 9. Bxc3 Bf6 10. Bb5 O-O 11. Ne2 Bf5 12. Bxc6 bxc6 13. Bxf6 Qxf6 14.
O-O-O Rab8 15. Qc3 Qh6+ 16. Kb1 Rbd8 17. Nd4 Bg4 18. f3 Bc8 19. Nxc6 Rxd1+ 20.
Rxd1 Qxh2 21. Qc5 g6 22. Ne7+ Kg7 23. Qd4+ Kh6 24. Nxc8 Rxc8 25. g4 Re8 26. f4
Qg2 27. a3 Re4 28. Qf6 Re3 29. g5+ Kh5 30. Qxf7 Qe4 31. Qxh7+ Kg4 32. Qd7+ Kg3
33. Qxc7 Kg2 34. Qxa7 Qxf4 35. Qb7+ Kf2 36. Qh1 Ke2 37. Qe1+ Kf3 38. Qh1+ Kg4
39. Qg1+ Rg3 40. Qd4 Kxg5 41. Qxf4+ Kxf4 42. a4 g5 43. a5 g4 44. b4 Rh3 45. a6
Ra3 46. b5 Ra4 47. c3 Ra5 48. c4 Ra4 49. Rc1 Ke3 50. Kb2 Kd2 51. Rc2+ Kd3 52.
Rc3+ Kd2 53. Kb3 Ra1 54. Rg3 1-0

[Event "4NCL/Div1/NWE-IKHH1"]
[Site "Rd2-Birmingham"]
[Date "1999.10.10"]
[Round "2.1"]
[White "Littlewood, John"]
[Black "Hennigan, Michael"]
[Result "1/2-1/2"]
[WhiteElo "2295"]
[BlackElo "2456"]
[PlyCount "84"]
[EventDate "1999.10.10"]
[SourceDate "2000.01.01"]

1. e4 c5 2. d3 Nc6 3. g3 g6 4. Bg2 Bg7 5. Nf3 d6 6. O-O e5 7. a3 Nge7 8. Nbd2
O-O 9. b4 h6 10. bxc5 dxc5 11. Bb2 Be6 12. Re1 Qc7 13. Nf1 Rfd8 14. N3d2 c4 15.
dxc4 Na5 16. Qc1 Nxc4 17. Nxc4 Bxc4 18. Ne3 h5 19. Rb1 Rd6 20. f4 Rc6 21. Bxe5
Bxe5 22. fxe5 Rd8 23. Qb2 b5 24. Rbd1 Rc5 25. Rxd8+ Qxd8 26. Rd1 Qb6 27. Kh1
Qe6 28. Qd4 Qxe5 29. Nd5 Qxd4 30. Nxe7+ Kf8 31. Nxg6+ fxg6 32. Rxd4 Ke7 33. Bh3
Be6 34. Bxe6 Kxe6 35. a4 Ke5 36. Rb4 bxa4 37. Rxa4 a5 38. Kg1 Rxc2 39. Rxa5+
Kxe4 40. Ra4+ Kf3 41. Ra3+ Kg4 42. Ra4+ Kg5 1/2-1/2

[Event "4NCL/Div1/NWE-IKHH1"]
[Site "Rd2-Birmingham"]
[Date "1999.10.10"]
[Round "2.3"]
[White "Lund, Brett"]
[Black "Hassabis, Demis"]
[Result "1-0"]
[WhiteElo "2291"]
[BlackElo "2235"]
[PlyCount "117"]
[EventDate "1999.10.10"]
[SourceDate "2000.01.01"]

1. g3 d5 2. f4 c5 3. Bg2 g6 4. Nf3 Bg7 5. O-O Nc6 6. d3 e6 7. e4 Nge7 8. c3 O-O
9. Qe2 b6 10. Na3 Ba6 11. e5 b5 12. Nc2 c4 13. d4 b4 14. cxb4 Qb6 15. Qd2 c3
16. bxc3 Bxf1 17. Bxf1 h5 18. a4 a6 19. Bd3 Rfc8 20. a5 Qb7 21. Qe2 Nb8 22. Bd2
Nd7 23. h3 Nf8 24. g4 hxg4 25. hxg4 f5 26. exf6 Bxf6 27. Kg2 Nc6 28. Rh1 Rc7
29. Na1 Rh7 30. Rxh7 Kxh7 31. Nb3 Nb8 32. Nc5 Qc8 33. f5 exf5 34. gxf5 Ra7 35.
Qe3 Kg8 36. Qf4 Rg7 37. Kf2 g5 38. Qd6 Qd8 39. Qxd8 Bxd8 40. Nxa6 Nbd7 41. Nc5
g4 42. Ne5 Nf6 43. Ng6 Rh7 44. Kg2 Nxg6 45. fxg6 Rh3 46. a6 Bb6 47. Bf5 Nh5 48.
Be6+ Kg7 49. Bxd5 Ba7 50. Ne6+ Kxg6 51. Ng5 Rh4 52. Nf7 Nf6 53. Ne5+ Kf5 54.
Bb7 Ne4 55. Be1 Rh7 56. Nc6 Bb6 57. c4 Nd6 58. c5 Nxb7 59. cxb6 1-0

[Event "4NCL/Div1/NWE-IKHH1"]
[Site "Rd2-Birmingham"]
[Date "1999.10.10"]
[Round "2.5"]
[White "Tebb, David"]
[Black "Wade, Robert"]
[Result "1-0"]
[WhiteElo "2272"]
[BlackElo "2204"]
[PlyCount "75"]
[EventDate "1999.10.10"]
[SourceDate "2000.01.01"]

1. e4 d6 2. Nc3 Nf6 3. f4 c6 4. Nf3 Bg4 5. h3 Bxf3 6. Qxf3 Nbd7 7. g4 e5 8. f5
h6 9. d3 Be7 10. Bd2 b5 11. Bg2 a5 12. h4 b4 13. Ne2 d5 14. g5 dxe4 15. dxe4
hxg5 16. hxg5 Rxh1+ 17. Bxh1 Nh7 18. Qh5 Bxg5 19. Bxg5 Nxg5 20. O-O-O g6 21.
fxg6 fxg6 22. Qxg6+ Nf7 23. Qg8+ Ke7 24. Qg4 Ra7 25. Ng3 Qh8 26. Nf5+ Kf8 27.
Bf3 Rc7 28. Kb1 Qg8 29. Qh4 Qg5 30. Qf2 Qf4 31. Rg1 Nh6 32. Ng7 Qf6 33. Nh5 Qe6
34. Be2+ Qf7 35. Qe3 Ng8 36. Rf1 Ngf6 37. Nxf6 Nxf6 38. Qg5 1-0

[Event "4NCL/Div1/NWE-IKHH1"]
[Site "Rd2-Birmingham"]
[Date "1999.10.10"]
[Round "2.6"]
[White "Richards, Heather"]
[Black "Hague, Ben"]
[Result "0-1"]
[WhiteElo "2117"]
[BlackElo "2240"]
[PlyCount "56"]
[EventDate "1999.10.10"]
[SourceDate "2000.01.01"]

1. e4 g6 2. d4 Bg7 3. Nc3 d6 4. Be3 c6 5. Qd2 Nd7 6. Nf3 Ngf6 7. h3 Qc7 8. Bh6
O-O 9. h4 b5 10. a3 e5 11. h5 exd4 12. Nxd4 Nc5 13. Bxg7 Kxg7 14. hxg6 fxg6 15.
b4 Ncxe4 16. Qh6+ Kg8 17. Nxe4 Nxe4 18. Bd3 d5 19. Bxe4 dxe4 20. O-O-O a5 21.
Nxc6 axb4 22. Ne5 b3 23. c4 Qe7 24. Nxg6 Qxa3+ 25. Kd2 Qb2+ 26. Ke3 Qxf2+ 27.
Kxe4 Bf5+ 28. Ke5 Bxg6 0-1

[Event "4NCL/Div1/NWE-IKHH1"]
[Site "Rd2-Birmingham"]
[Date "1999.10.10"]
[Round "2.7"]
[White "James, Dale"]
[Black "Cooper, Andrew G"]
[Result "0-1"]
[WhiteElo "2239"]
[BlackElo "2151"]
[PlyCount "80"]
[EventDate "1999.10.10"]
[SourceDate "2000.01.01"]

1. e4 e6 2. Nf3 d5 3. e5 c5 4. c4 Ne7 5. Nc3 d4 6. Nb5 Ng6 7. Bd3 Nf4 8. Be4 a6
9. g3 Ng6 10. Na3 Nd7 11. d3 Ndxe5 12. Nxe5 Nxe5 13. f4 Ng6 14. O-O Bd6 15. Nc2
Rb8 16. Bd2 O-O 17. b4 Bd7 18. bxc5 Bxc5 19. Qh5 Be7 20. Ba5 b6 21. Be1 Ba4 22.
Nb4 Qc7 23. f5 a5 24. fxe6 fxe6 25. Rxf8+ Bxf8 26. Nd5 exd5 27. Qxd5+ Kh8 28.
Bd2 Bb4 29. Bxb4 axb4 30. Rf1 Qc5 31. Qe6 Qe7 32. Qd5 Ne5 33. Rf5 Re8 34. Qxd4
Qc5 35. Qf2 Qxf2+ 36. Kxf2 Bc2 37. Ke3 Nxc4+ 38. Kd4 Nd6 39. Rf4 Nxe4 40. Rxe4
Ba4 0-1

[Event "4NCL/Div1/NWE-IKHH1"]
[Site "Rd2-Birmingham"]
[Date "1999.10.10"]
[Round "2.8"]
[White "Howell, Chris"]
[Black "Chevannes, Sabrina"]
[Result "1-0"]
[WhiteElo "2160"]
[BlackElo "2160"]
[PlyCount "65"]
[EventDate "1999.10.10"]
[SourceDate "2000.01.01"]

1. e4 c6 2. d4 d5 3. exd5 cxd5 4. c4 Nf6 5. Nc3 e6 6. c5 b6 7. Bb5+ Bd7 8.
Bxd7+ Nfxd7 9. cxb6 Qxb6 10. Nf3 Nc6 11. O-O g6 12. Re1 Ne7 13. Qa4 Bg7 14. Bf4
Rd8 15. Nb5 e5 16. dxe5 Nc5 17. Nd6+ Kf8 18. Qc2 Ne6 19. Qd2 h6 20. Be3 Qb8 21.
b4 g5 22. Bc5 Rd7 23. Rab1 a6 24. Qd3 Qa8 25. Nf5 Nxc5 26. bxc5 Rc7 27. Rb6 Qa7
28. Nxe7 Kxe7 29. Qxd5 Rd7 30. Rd6 Rhd8 31. c6 Rxd6 32. exd6+ Kf8 33. Re7 1-0

[Event "4NCL/Div1/RIC-BR"]
[Site "Rd2-Birmingham"]
[Date "1999.10.10"]
[Round "2.1"]
[White "Williams, Simon"]
[Black "Ansell, Simon"]
[Result "1/2-1/2"]
[WhiteElo "2421"]
[BlackElo "2373"]
[PlyCount "39"]
[EventDate "1999.10.10"]
[SourceDate "2000.01.01"]

1. c4 e5 2. Nc3 d6 3. g3 f5 4. d4 Be7 5. Bg2 Nf6 6. e3 O-O 7. Nge2 c6 8. O-O
Na6 9. Rb1 Nc7 10. b4 Rb8 11. b5 c5 12. dxe5 dxe5 13. b6 axb6 14. Rxb6 Qxd1 15.
Rxd1 Rd8 16. Rxd8+ Bxd8 17. Ba3 Ne6 18. Rb5 e4 19. f3 Bd7 20. Rb1 1/2-1/2

[Event "4NCL/Div1/RIC-BR"]
[Site "Rd2-Birmingham"]
[Date "1999.10.10"]
[Round "2.2"]
[White "Beaumont, Chris"]
[Black "Bates, Richard"]
[Result "1/2-1/2"]
[WhiteElo "2295"]
[BlackElo "2376"]
[PlyCount "59"]
[EventDate "1999.10.10"]
[SourceDate "2000.01.01"]

1. d4 Nf6 2. c4 d6 3. Nf3 g6 4. Nc3 Bg7 5. e4 O-O 6. Be2 Na6 7. O-O e5 8. Be3
Ng4 9. Bg5 Qe8 10. dxe5 dxe5 11. h3 h6 12. Bc1 Nf6 13. Be3 Qe7 14. Qc1 Kh7 15.
Nd5 Qd8 16. Rd1 Nxe4 17. Nb6 axb6 18. Rxd8 Rxd8 19. Qc2 Nec5 20. Rd1 Bf5 21.
Rxd8 Rxd8 22. Qc1 Nb4 23. g4 Bd3 24. Bxd3 Nbxd3 25. Qc2 e4 26. Nd2 f5 27. gxf5
gxf5 28. f3 Nb4 29. Qb1 Rd3 30. Nf1 1/2-1/2

[Event "4NCL/Div1/RIC-BR"]
[Site "Rd2-Birmingham"]
[Date "1999.10.10"]
[Round "2.4"]
[White "Buckley, Simon"]
[Black "Quinn, Mark"]
[Result "0-1"]
[WhiteElo "2216"]
[BlackElo "2377"]
[PlyCount "126"]
[EventDate "1999.10.10"]
[SourceDate "2000.01.01"]

1. e4 c5 2. Nf3 Nc6 3. d4 cxd4 4. Nxd4 g6 5. c4 Bg7 6. Be3 Nf6 7. Nc3 O-O 8.
Be2 b6 9. O-O Bb7 10. f4 d6 11. Bf3 Nxd4 12. Bxd4 Rc8 13. b3 Rc7 14. Rc1 Rd7
15. Qe2 e5 16. Be3 exf4 17. Bxf4 Re8 18. Qd3 h6 19. Nd5 Bxd5 20. exd5 Rde7 21.
Bg3 Qc7 22. Rce1 Nd7 23. Qd2 Ne5 24. Bxe5 Bxe5 25. g3 Kg7 26. Kg2 Qc5 27. Re2
Qd4 28. Qxd4 Bxd4 29. Rfe1 Be5 30. Re3 h5 31. Bd1 f5 32. b4 Rc8 33. Bb3 Kf6 34.
Rf1 a5 35. a3 Ra7 36. b5 a4 37. Ba2 Rac7 38. Rc1 h4 39. gxh4 Rh7 40. Rh3 Rch8
41. Rd1 Rxh4 42. Rxh4 Rxh4 43. h3 g5 44. c5 dxc5 45. d6 Rd4 46. Rxd4 Bxd4 47.
Bb1 Bb2 48. d7 Ke7 49. Bxf5 Bxa3 50. d8=Q+ Kxd8 51. Bc2 Ke7 52. Kf3 Kd6 53. Ke4
Bb2 54. Bxa4 c4 55. Bd1 Kc5 56. Be2 Bf6 57. Kf5 Bd8 58. Ke4 Be7 59. Ke3 Kb4 60.
Kd4 Bc5+ 61. Ke4 Kb3 62. Bd1+ Kb2 63. Ba4 Kc3 0-1

[Event "4NCL/Div1/RIC-BR"]
[Site "Rd2-Birmingham"]
[Date "1999.10.10"]
[Round "2.6"]
[White "McFarland, Robert"]
[Black "Webb, Laurence"]
[Result "1/2-1/2"]
[WhiteElo "2267"]
[BlackElo "2213"]
[PlyCount "87"]
[EventDate "1999.10.10"]
[SourceDate "2000.01.01"]

1. Nf3 Nf6 2. g3 d5 3. c4 c6 4. b3 Bg4 5. Bg2 Nbd7 6. Bb2 e6 7. O-O Bd6 8. d3
O-O 9. h3 Bh5 10. Nbd2 Qe7 11. Qc2 e5 12. e3 Bg6 13. Nh4 Rfe8 14. a3 Rad8 15.
b4 e4 16. Nxg6 hxg6 17. dxe4 dxe4 18. c5 Bc7 19. Rfd1 Qe6 20. Rac1 a6 21. Bd4
g5 22. g4 Bb8 23. Rb1 Bc7 24. a4 Ra8 25. Rb2 Re7 26. Rc1 Ree8 27. Qb1 Rad8 28.
b5 axb5 29. axb5 Be5 30. bxc6 bxc6 31. Rb4 Rb8 32. Rxb8 Rxb8 33. Qa1 Qd5 34.
Nc4 Bxd4 35. exd4 Rb4 36. Qc3 Rb8 37. Nd6 Rb3 38. Qc4 Qxc4 39. Rxc4 Rb1+ 40.
Kh2 Rb2 41. Nxe4 Nxe4 42. Bxe4 Rxf2+ 43. Kg3 Rf4 44. Bc2 1/2-1/2

[Event "4NCL/Div1/RIC-BR"]
[Site "Rd2-Birmingham"]
[Date "1999.10.10"]
[Round "2.7"]
[White "Phillips, Roy"]
[Black "Jakubovics, Nick"]
[Result "1/2-1/2"]
[WhiteElo "2257"]
[BlackElo "2238"]
[PlyCount "40"]
[EventDate "1999.10.10"]
[SourceDate "2000.01.01"]

1. e4 e5 2. Nf3 Nc6 3. Bb5 a6 4. Ba4 Nf6 5. d3 b5 6. Bb3 Bc5 7. O-O O-O 8. c3
d5 9. Nbd2 Be6 10. Qe2 Qe7 11. exd5 Bxd5 12. Ne4 Bxb3 13. axb3 Nxe4 14. dxe4
Rfd8 15. b4 Bb6 16. Be3 Bxe3 17. Qxe3 a5 18. bxa5 Nxa5 19. Qe2 Qe8 20. h3 Nc4
1/2-1/2

[Event "4NCL/Div1/RIC-BR"]
[Site "Rd2-Birmingham"]
[Date "1999.10.10"]
[Round "2.8"]
[White "Tidman, Sophie"]
[Black "Shah, Arpi"]
[Result "0-1"]
[WhiteElo "2073"]
[BlackElo "2079"]
[PlyCount "78"]
[EventDate "1999.10.10"]
[SourceDate "2000.01.01"]

1. e4 c6 2. d4 d5 3. e5 Bf5 4. Nc3 Qd7 5. h3 h5 6. Be2 h4 7. Nf3 e6 8. Be3 Ne7
9. Qd2 Bg6 10. g4 hxg3 11. fxg3 Nf5 12. Bf2 Be7 13. h4 Bh5 14. O-O-O Qc7 15.
Ng5 Bxe2 16. Qxe2 Nd7 17. g4 Nh6 18. Be3 O-O-O 19. Rdf1 Rdf8 20. Rh2 Nb6 21.
Rhf2 Nc4 22. Rf4 Qb6 23. Nd1 Qd8 24. Nxf7 Nxf7 25. Rxf7 Rxf7 26. Rxf7 Nxe3 27.
Nxe3 Rxh4 28. Qf3 g6 29. c3 Rh8 30. Ng2 Bg5+ 31. Kc2 Qe8 32. Qf1 c5 33. Kb1 c4
34. Rf2 a5 35. b3 cxb3 36. axb3 Kb8 37. Ra2 Rf8 38. Qe2 Qd8 39. Qb5 Qc7 0-1

[Event "4NCL/Div1/SWR-GUI"]
[Site "Rd2-Birmingham"]
[Date "1999.10.10"]
[Round "2.1"]
[White "Davies, Nigel"]
[Black "Rowson, Jonathan"]
[Result "0-1"]
[WhiteElo "2518"]
[BlackElo "2490"]
[PlyCount "66"]
[EventDate "1999.10.10"]
[SourceDate "2000.01.01"]

1. e4 c5 2. Nf3 e6 3. d3 Nc6 4. g3 d5 5. Qe2 Nf6 6. Bg2 Be7 7. O-O O-O 8. e5
Ne8 9. c4 Nc7 10. Na3 Rb8 11. Rd1 b5 12. b3 a5 13. Be3 Ba6 14. Rac1 bxc4 15.
bxc4 Nb4 16. Nb1 Qd7 17. a3 Nc6 18. Qc2 Rfc8 19. h4 a4 20. Nbd2 Nd4 21. Bxd4
cxd4 22. c5 Nb5 23. Qxa4 Qa7 24. Nb3 Nc3 25. Rxc3 dxc3 26. d4 Qb7 27. Na1 Be2
28. Re1 Bd3 29. Rd1 Ra8 30. Qb4 Qxb4 31. axb4 Rcb8 32. Ne1 Be2 33. Rb1 Rxb4 0-1

[Event "4NCL/Div1/SWR-GUI"]
[Site "Rd2-Birmingham"]
[Date "1999.10.10"]
[Round "2.2"]
[White "Plaskett, James"]
[Black "Dunnington, Angus"]
[Result "1/2-1/2"]
[WhiteElo "2513"]
[BlackElo "2366"]
[PlyCount "45"]
[EventDate "1999.10.10"]
[SourceDate "2000.01.01"]

1. e4 c6 2. d4 d5 3. Nc3 dxe4 4. Nxe4 Bf5 5. Nc5 b6 6. Nb3 e6 7. Nf3 Bd6 8. g3
h6 9. Bg2 Ne7 10. O-O Nd7 11. Qe2 O-O 12. Ne5 Rc8 13. Rd1 a5 14. Nxd7 Qxd7 15.
Nc5 Qa7 16. Ne4 Rfd8 17. Nxd6 Rxd6 18. Bf4 Rd7 19. c4 Rcd8 20. Be3 Bg6 21. g4
Qc7 22. Qf3 b5 23. cxb5 1/2-1/2

[Event "4NCL/Div1/SWR-GUI"]
[Site "Rd2-Birmingham"]
[Date "1999.10.10"]
[Round "2.4"]
[White "Kinsman, Andrew"]
[Black "Gayson, Peter"]
[Result "0-1"]
[WhiteElo "2399"]
[BlackElo "2255"]
[PlyCount "58"]
[EventDate "1999.10.10"]
[SourceDate "2000.01.01"]

1. Nf3 f5 2. g3 d6 3. d4 Nf6 4. Bg2 g6 5. O-O Bg7 6. b4 O-O 7. Bb2 e5 8. dxe5
Ng4 9. Qc1 Nxe5 10. Rd1 Nbc6 11. Nxe5 Nxe5 12. Nd2 Be6 13. c4 Qe7 14. b5 Rab8
15. a4 a5 16. Rb1 b6 17. Bd5 Rbe8 18. Nb3 Qf7 19. e3 g5 20. Nd4 Bxd5 21. cxd5
f4 22. exf4 gxf4 23. Qxf4 Qxd5 24. Qg5 Rf7 25. h4 h6 26. Qc1 Ref8 27. Nc6 Nf3+
28. Kh1 Nd4+ 29. Kg1 Ne2+ 0-1

[Event "4NCL/Div1/SWR-GUI"]
[Site "Rd2-Birmingham"]
[Date "1999.10.10"]
[Round "2.5"]
[White "Barrett, Stephen"]
[Black "Povah, Nigel"]
[Result "1/2-1/2"]
[WhiteElo "2234"]
[BlackElo "2360"]
[PlyCount "54"]
[EventDate "1999.10.10"]
[SourceDate "2000.01.01"]

1. d4 Nf6 2. c4 e6 3. Nc3 c5 4. d5 exd5 5. cxd5 d6 6. e4 g6 7. f4 Bg7 8. Nf3
O-O 9. Be2 Re8 10. Nd2 Na6 11. O-O Rb8 12. Re1 Nc7 13. a4 b6 14. Bf3 a6 15. Nc4
b5 16. axb5 axb5 17. Na5 Bd7 18. e5 b4 19. exf6 bxc3 20. fxg7 cxb2 21. Bxb2
Rxb2 22. Nc4 Rb4 23. Nxd6 Rxe1+ 24. Qxe1 Rxf4 25. Qe5 Rb4 26. Ne4 Ne8 27. h3 c4
1/2-1/2

[Event "4NCL/Div1/SWR-GUI"]
[Site "Rd2-Birmingham"]
[Date "1999.10.10"]
[Round "2.6"]
[White "Webb, Richard"]
[Black "Townsend, Paul"]
[Result "1-0"]
[WhiteElo "2351"]
[BlackElo "2224"]
[PlyCount "61"]
[EventDate "1999.10.10"]
[SourceDate "2000.01.01"]

1. e4 g6 2. d4 Bg7 3. Nc3 d6 4. Be3 a6 5. f4 b5 6. Nf3 Bb7 7. Bd3 Nd7 8. e5 e6
9. a4 bxa4 10. Rxa4 Ne7 11. Qe2 Nb6 12. Ra3 a5 13. O-O O-O 14. Rfa1 Ned5 15.
Nxd5 Nxd5 16. Bd2 Nb4 17. Bxb4 axb4 18. Rxa8 Bxa8 19. Be4 Bxe4 20. Qxe4 c5 21.
dxc5 dxc5 22. Qe2 Qc7 23. b3 f6 24. exf6 Bxf6 25. Qxe6+ Kh8 26. Rf1 Bg7 27. Ne5
g5 28. Rf3 Rf6 29. Ng6+ Rxg6 30. Qe8+ Bf8 31. fxg5 1-0

[Event "4NCL/Div1/SWR-GUI"]
[Site "Rd2-Birmingham"]
[Date "1999.10.10"]
[Round "2.7"]
[White "Burnett, James"]
[Black "Thompson, Ian"]
[Result "0-1"]
[WhiteElo "2215"]
[BlackElo "2261"]
[PlyCount "55"]
[EventDate "1999.10.10"]
[SourceDate "2000.01.01"]

1. Nf3 Nf6 2. g3 b6 3. Bg2 Bb7 4. O-O e6 5. d3 d5 6. Nbd2 Be7 7. e4 c5 8. e5
Nfd7 9. Re1 Nc6 10. c4 dxc4 11. dxc4 Qc7 12. Qe2 g5 13. Ne4 g4 14. Nfg5 Ndxe5
15. Bf4 h6 16. Nxe6 fxe6 17. Nc3 O-O-O 18. Nb5 Nf3+ 19. Bxf3 gxf3 20. Qxe6+ Qd7
21. Nxa7+ Nxa7 22. Qxb6 Bd6 23. Bxd6 Qxd6 24. Qxa7 Rhe8 25. Rec1 Re2 26. b4
Rxf2 27. Qxc5+ Qxc5 28. bxc5 0-1

[Event "4NCL/Div1/SWR-GUI"]
[Site "Rd2-Birmingham"]
[Date "1999.10.10"]
[Round "2.8"]
[White "Yurenok, Maria"]
[Black "Forbes, Cathy"]
[Result "0-1"]
[WhiteElo "1912"]
[BlackElo "2094"]
[PlyCount "134"]
[EventDate "1999.10.10"]
[SourceDate "2000.01.01"]

1. d4 d5 2. Nf3 c6 3. c3 Bf5 4. Bf4 Nf6 5. e3 e6 6. Bd3 Bg6 7. Ne5 Bxd3 8. Nxd3
Nbd7 9. Nd2 Be7 10. O-O O-O 11. h3 c5 12. dxc5 Nxc5 13. Nxc5 Bxc5 14. Nb3 Bd6
15. Qd4 Bxf4 16. Qxf4 Rc8 17. Rfd1 Re8 18. Rac1 e5 19. Qb4 Qe7 20. Qxe7 Rxe7
21. Nd2 b5 22. Nf3 g6 23. Rc2 h5 24. Rcd2 Rc4 25. h4 Kg7 26. g3 a5 27. a3 b4
28. axb4 axb4 29. cxb4 Rxb4 30. Rc2 Rb3 31. Kg2 Rb5 32. Ra1 Ng4 33. Ra2 Reb7
34. Nh2 Nf6 35. Nf3 Nd7 36. Kf1 f6 37. Kg2 Nc5 38. Rd2 Nb3 39. Rc2 d4 40. exd4
exd4 41. Ne1 Rc5 42. Rxc5 Nxc5 43. Ra1 Rxb2 44. Rd1 Ne4 45. Kf3 Nxf2 46. Rxd4
Ng4 47. Nd3 Rd2 48. Nf4 Rf2+ 49. Ke4 f5+ 50. Kd5 Rf3 51. Ra4 Nf6+ 52. Kd6 Ne4+
53. Ke6 Rxg3 54. Ra7+ Kh6 55. Kd5 Rg4 56. Ke5 Rxh4 57. Ra8 Rg4 58. Ne6 Kh7 59.
Ra7+ Kg8 60. Rg7+ Kh8 61. Rd7 h4 62. Nd8 Rg2 63. Ke6 h3 64. Kf7 h2 65. Ne6 Ng5+
66. Nxg5 Rxg5 67. Kf6 h1=Q 0-1

[Event "4NCL/Div1/WG1-AD"]
[Site "Rd2-Birmingham"]
[Date "1999.10.10"]
[Round "2.1"]
[White "Emms, John"]
[Black "Mestel, Jonathan"]
[Result "0-1"]
[WhiteElo "2586"]
[BlackElo "2479"]
[PlyCount "70"]
[EventDate "1999.10.10"]
[SourceDate "2000.01.01"]

1. e4 c6 2. d4 d5 3. Nd2 dxe4 4. Nxe4 Nd7 5. Ng5 Ngf6 6. Bd3 e6 7. N1f3 Bd6 8.
O-O h6 9. Ne4 Nxe4 10. Bxe4 Qc7 11. b3 b6 12. Bb2 Bb7 13. Qe2 O-O-O 14. a4 a5
15. c4 Kb8 16. Rfd1 f5 17. Bc2 c5 18. d5 exd5 19. cxd5 Rhe8 20. Qf1 Ne5 21. Nh4
g6 22. f4 Ng4 23. Nxg6 Rg8 24. Bxf5 Rxg6 25. Qf3 Nxh2 26. Kxh2 Bxf4+ 27. Kh1
Rg3 28. Qe4 Re3 29. Qc4 Be5 30. Rab1 Qg7 31. Bxe5+ Qxe5 32. Qg4 h5 33. Qg6 Rxd5
34. Qxb6 Qxf5 35. Rf1 Rd1 0-1

[Event "4NCL/Div1/WG1-AD"]
[Site "Rd2-Birmingham"]
[Date "1999.10.10"]
[Round "2.2"]
[White "Richardson, John"]
[Black "Baburin, Alexander"]
[Result "0-1"]
[WhiteElo "2315"]
[BlackElo "2593"]
[PlyCount "38"]
[EventDate "1999.10.10"]
[SourceDate "2000.01.01"]

1. d4 d5 2. c4 dxc4 3. Nc3 a6 4. e4 b5 5. a4 b4 6. Nb1 Bb7 7. f3 e5 8. dxe5
Qxd1+ 9. Kxd1 Nc6 10. Bxc4 O-O-O+ 11. Nd2 Nxe5 12. Be2 b3 13. f4 Ng6 14. Nh3
Nf6 15. Ng5 Nxe4 16. Ngxe4 Bxe4 17. Bxa6+ Kb8 18. Rf1 Bc5 19. g3 Rhe8 0-1

[Event "4NCL/Div1/WG1-AD"]
[Site "Rd2-Birmingham"]
[Date "1999.10.10"]
[Round "2.3"]
[White "Ward, Chris"]
[Black "Friedgood, David"]
[Result "1-0"]
[WhiteElo "2473"]
[BlackElo "2244"]
[PlyCount "99"]
[EventDate "1999.10.10"]
[SourceDate "2000.01.01"]

1. d4 Nf6 2. c4 g6 3. f3 Bg7 4. e4 d6 5. Be3 c6 6. Qd2 a6 7. Bh6 Bxh6 8. Qxh6
Qb6 9. Qd2 e5 10. c5 Qc7 11. cxd6 Qxd6 12. dxe5 Qxe5 13. Nc3 Qe7 14. O-O-O O-O
15. Qd6 Qxd6 16. Rxd6 Be6 17. Nge2 Nbd7 18. Nf4 Rfe8 19. Be2 g5 20. Nxe6 Rxe6
21. Rd2 b5 22. Nd1 Ne5 23. Ne3 Ra7 24. h4 gxh4 25. f4 Ned7 26. e5 Ne4 27. Rc2
Ng3 28. Rd1 Nxe2+ 29. Rxe2 f6 30. Ng4 h5 31. f5 Re7 32. Rxd7 hxg4 33. Rd8+ Kh7
34. e6 Kh6 35. Rg8 Kh5 36. Re4 g3 37. Kd2 c5 38. Ke3 c4 39. Reg4 Rac7 40. Kf3
Rh7 41. R4g6 c3 42. bxc3 Rxc3+ 43. Ke4 Rc2 44. Rxf6 Rxg2 45. Rf7 Rh6 46. Rfg7
Re2+ 47. Kd3 Rhxe6 48. Rh7+ Rh6 49. Rxh6+ Kxh6 50. Kxe2 1-0

[Event "4NCL/Div1/WG1-AD"]
[Site "Rd2-Birmingham"]
[Date "1999.10.10"]
[Round "2.4"]
[White "Lyell, Mark"]
[Black "Levitt, Jon"]
[Result "0-1"]
[WhiteElo "2238"]
[BlackElo "2433"]
[PlyCount "64"]
[EventDate "1999.10.10"]
[SourceDate "2000.01.01"]

1. e4 e6 2. d4 d5 3. e5 c5 4. c3 Nc6 5. Nf3 Bd7 6. Be2 f6 7. O-O fxe5 8. Nxe5
Nxe5 9. dxe5 Bc6 10. Nd2 Qd7 11. Nf3 Nh6 12. Ng5 O-O-O 13. b4 Ba4 14. Qd3 Nf5
15. g4 Nh4 16. bxc5 h6 17. Nh3 g5 18. Be3 d4 19. cxd4 Bc6 20. Qa3 Kb8 21. f3
Be7 22. Bf2 h5 23. Bxh4 hxg4 24. Bg3 Rxh3 25. Rad1 Rf8 26. fxg4 Rf4 27. Rxf4
gxf4 28. Bf1 Qd5 29. Bxh3 Qh1+ 30. Kf2 fxg3+ 31. Qxg3 Qxd1 32. Qe3 Bh4+ 0-1

[Event "4NCL/Div1/WG1-AD"]
[Site "Rd2-Birmingham"]
[Date "1999.10.10"]
[Round "2.5"]
[White "Pein, Malcolm"]
[Black "Cafferty, Bernard"]
[Result "1/2-1/2"]
[WhiteElo "2436"]
[BlackElo "2197"]
[PlyCount "45"]
[EventDate "1999.10.10"]
[SourceDate "2000.01.01"]

1. Nf3 Nf6 2. c4 c5 3. g3 g6 4. Bg2 Bg7 5. O-O O-O 6. Nc3 Nc6 7. d4 cxd4 8.
Nxd4 Ng4 9. e3 d6 10. b3 Bd7 11. Bb2 Nxd4 12. exd4 Rb8 13. Rc1 Nh6 14. Qd2 Qa5
15. a3 Nf5 16. b4 Qa6 17. Ne4 Rfc8 18. Rfe1 Rxc4 19. Bf1 Rxc1 20. Bxa6 Rxe1+
21. Qxe1 bxa6 22. Qd2 d5 23. Nc5 1/2-1/2